Изучение истории

Dettagli Bibliografici
Autore principale: Тойнби А. Дж. Арнолд Джозеф
Riassunto:Книга на китайском языке.
Lingua:cinese
Pubblicazione: Шанхай, Народное изд-во Шанхая, 2000
Soggetti:
Natura: MixedMaterials Libro
KOHA link:https://koha.lib.tpu.ru/cgi-bin/koha/opac-detail.pl?biblionumber=117858

MARC

LEADER 00000nam0a2200000 4500
001 117858
005 20231101215429.0
010 |a 7208033986 
035 |a (RuTPU)RU\TPU\book\127565 
090 |a 117858 
100 |a 20070606d2000 km y0chiy50 ea 
101 1 |a chi  |c eng 
102 |a RU 
105 |a a z 000zy 
200 1 |a Изучение истории  |f А. Тойнби 
210 |a Шанхай  |c Народное изд-во Шанхая  |d 2000 
215 |a 472 с.  |c ил. 
300 |a Книга на китайском языке. 
606 1 |a История  |x Изучение  |2 stltpush  |3 (RuTPU)RU\TPU\subj\59053  |9 76701 
610 1 |a изучение 
610 1 |a цивилизации 
610 1 |a возникновение 
610 1 |a упадок 
610 1 |a государства 
610 1 |a религии 
686 |a Т0  |v LBC/SL-A  |2 rubbk 
700 1 |a Тойнби  |b А. Дж.  |c английский историк и социолог  |f 1889-1975  |g Арнолд Джозеф  |2 stltpush  |3 (RuTPU)RU\TPU\pers\1597  |9 687 
801 1 |a RU  |b 63413507  |c 20070606  |g PSBO 
801 2 |a RU  |b 63413507  |c 20220927  |g PSBO 
942 |c BK